The noble scholar, jurist, historian


 His Excellency Dr. Abdul Wahhab bin Ibrahim Abu Sulaiman, may Allah have mercy on him.


 He was born in Umm Al-Qura in the year 1356 AH.

أباطيل وأسمار / (Record no. 7184)

MARC details
000 -LEADER
fixed length control field 02670cam a2200325 ia4500
003 - CONTROL NUMBER IDENTIFIER
control field SA-RiAUC
005 - DATE AND TIME OF LATEST TRANSACTION
control field 20250418145842.0
008 - FIXED-LENGTH DATA ELEMENTS--GENERAL INFORMATION
fixed length control field 250317s1972 ua g 000 e ara c
024 0# - OTHER STANDARD IDENTIFIER
Standard number or code 00000000981748
040 ## - CATALOGING SOURCE
Original cataloging agency SA-MuMU
Language of cataloging ara
Transcribing agency SA-RiAUC
Modifying agency ِAE-DuMBRL
Description conventions rda
050 #4 - LIBRARY OF CONGRESS CALL NUMBER
Item number A63 1972
082 04 - DEWEY DECIMAL CLASSIFICATION NUMBER
Classification number 814.962
Assigning agency SA-RiAUC
090 ## - LOCALLY ASSIGNED LC-TYPE CALL NUMBER (OCLC); LOCAL CALL NUMBER (RLIN)
Classification number (OCLC) (R) ; Classification number, CALL (RLIN) (NR) 814.962
Local cutter number (OCLC) ; Book number/undivided call number, CALL (RLIN) ش ا ك
100 1# - MAIN ENTRY--PERSONAL NAME
Personal name شاكر، محمود محمد،
Dates associated with a name 1909-1997
Relator term مؤلف.
245 10 - TITLE STATEMENT
Title أباطيل وأسمار /
Statement of responsibility, etc. محمود محمد شاكر.
250 ## - EDITION STATEMENT
Edition statement الطبعة الثانية.
264 #1 - PRODUCTION, PUBLICATION, DISTRIBUTION, MANUFACTURE, AND COPYRIGHT NOTICE
Place of production, publication, distribution, manufacture [مكان النشر غير محدد] :
Name of producer, publisher, distributor, manufacturer [الناشر غير محدد]،
Date of production, publication, distribution, manufacture, or copyright notice 1972.
264 #3 - PRODUCTION, PUBLICATION, DISTRIBUTION, MANUFACTURE, AND COPYRIGHT NOTICE
Place of production, publication, distribution, manufacture القاهرة ؛
-- الرياض :
Name of producer, publisher, distributor, manufacturer مطبعة المدني
300 ## - PHYSICAL DESCRIPTION
Extent 2 مجلدفي مجلد 1 ؛
Dimensions 24 سم
336 ## - CONTENT TYPE
Content type term نص
Content type code txt
Source rdacontent
Materials specified كتاب
337 ## - MEDIA TYPE
Media type term بدون وسيط
Media type code n
Source rdamedia
338 ## - CARRIER TYPE
Carrier type term مجلد
Carrier type code nc
Source rdacarrier
500 ## - GENERAL NOTE
General note 2 مجلد ببليوجرافي في 1 مجلد مادي.
520 ## - SUMMARY, ETC.
Summary, etc. يتناول كتاب (أباطيل وأسمار) والذي قام بتأليفه محمود محمد شاكر، موضوع (مقالات أدبية) هذا الكتاب يضم مجموعة رسائل كتبها صاحبها المؤلف في ستينيات القرن العشرين، وقد كانت جميعها في إظهار الحق وإجلائه متشابهة. فقد آل فيها على نفسه أن يوضح ما وضح له، وأن يبين ما تبين له من الغى في دروب الفكر والثقافة والأدب.. فصوب قلمه كي يرد بالحجة والبيان على من شرعوا في تصويب سهامهم للحضارة الإسلامية وتراثها. فهو في كتابه لم يجنح إلى التجريح وإنما قام بمقارعة الحجة بالحجة.. فقدم لنا رسائل مليئة بالثقافة والتاريخ والأدب والدين والسياسة تتداخل جميعها وتمتزج معا؛ لتقدم لنا تفنيدا لأباطيل ساقتها بعض الأقلام التى لاقت تقديرا كبيرا في الأمة العربية، التى شرعت في إيذاء تاريخها.. وتتنوع هذه الشخصيات بين كتاب وسياسيين وأدباء وغيرهم".
650 #7 - SUBJECT ADDED ENTRY--TOPICAL TERM
Topical term or geographic name entry element الأدب العربي
Geographic subdivision مصر
Chronological subdivision قرن 20
Form subdivision مقالات ومحاضرات
Source of heading or term aucsh
650 #7 - SUBJECT ADDED ENTRY--TOPICAL TERM
Topical term or geographic name entry element الأدب العربي
Form subdivision مقالات ومحاضرات
Source of heading or term aucsh
942 ## - ADDED ENTRY ELEMENTS (KOHA)
Source of classification or shelving scheme Dewey Decimal Classification
Koha item type Books
Suppress in OPAC No
949 ## - LOCAL PROCESSING INFORMATION (OCLC)
a SA-JeALM
d 250317
u mohamedma123
n 1
Holdings
Withdrawn status Lost status Source of classification or shelving scheme Materials specified (bound volume or other part) Damaged status Not for loan Home library Current library Date acquired Total checkouts Full call number Barcode Date last seen Price effective from Koha item type
    Dewey Decimal Classification المجلد الاول (الجزء الاول و الثاني)     DR AbdElwahab Library DR AbdElwahab Library 04/18/2025   814.962 ش ا ك 000011796 04/18/2025 04/18/2025 Books